Changes in Green Bond IPOS Credit Ratings during the Covid-19

V príspevku boli analyzované rozdiely v úverových ratingoch od agentúr Moody's, Standard and Poor's a Fitch. Faktory, ktoré prispeli k poklesu medziročného počtu emisií zelených dlhopisov v roku 2022 - ruská invázia na Ukrajinu a európska energetická kríza, ktorá ovplyvnila dynamiku trhu s dlhopismi...

Ausführliche Beschreibung

Gespeichert in:
Bibliographische Detailangaben
1. Verfasser: Sieber, Jakub, 1992-
Format: Buchkapitel
Sprache:Englisch
Schlagworte:
Tags: Tag hinzufügen
Keine Tags, Fügen Sie das erste Tag hinzu!

MARC

LEADER 00000naa a2200000 4500
001 0290292
005 20240502074446.7
041 0 |a eng 
044 |a SK 
245 1 0 |a Changes in Green Bond IPOS Credit Ratings during the Covid-19  |c Jakub Sieber 
520 |a V príspevku boli analyzované rozdiely v úverových ratingoch od agentúr Moody's, Standard and Poor's a Fitch. Faktory, ktoré prispeli k poklesu medziročného počtu emisií zelených dlhopisov v roku 2022 - ruská invázia na Ukrajinu a európska energetická kríza, ktorá ovplyvnila dynamiku trhu s dlhopismi a ešte viac zhoršila infláciu COVID-19. 
610 2 0 |a dlhopisy 
610 2 0 |a emisia 
610 2 0 |a rating 
610 2 0 |a agentúry 
610 2 0 |a pandémia 
610 2 0 |a koronavírus 
610 2 0 |a vojny 
610 2 0 |a inflácia 
610 2 0 |a kríza energetická 
100 1 |a Sieber, Jakub, 1992-